NFL Number 1 seed in the AFC - Statistics

General Stats
  • This quiz has been taken 116 times
    18 since last reset
  • The average score is 33 of 56
Answer Stats
Year Team % Correct
2023 Baltimore Ravens
100%
2025 Denver Broncos
100%
2024 Kansas City Chiefs
100%
2022 Kansas City Chiefs
100%
2020 Kansas City Chiefs
93%
2018 Kansas City Chiefs
93%
2017 New England Patriots
93%
2016 New England Patriots
93%
2019 Baltimore Ravens
86%
2015 Denver Broncos
86%
2013 Denver Broncos
86%
2014 New England Patriots
86%
2021 Tennessee Titans
86%
2009 Indianapolis Colts
79%
2011 New England Patriots
79%
2007 New England Patriots
79%
2012 Denver Broncos
71%
2010 New England Patriots
71%
2003 New England Patriots
71%
2005 Indianapolis Colts
64%
2002 Oakland Raiders
64%
2004 Pittsburgh Steelers
64%
2008 Tennessee Titans
64%
2000 Tennessee Titans
64%
1993 Buffalo Bills
57%
1991 Buffalo Bills
57%
1990 Buffalo Bills
57%
1998 Denver Broncos
57%
1989 Denver Broncos
57%
2006 San Diego Chargers
57%
1970 Baltimore Colts
50%
1996 Denver Broncos
50%
1987 Denver Broncos
50%
1999 Jacksonville Jaguars
50%
1974 Oakland Raiders
50%
1975 Pittsburgh Steelers
50%
1988 Cincinnati Bengals
43%
1983 Los Angeles Raiders
43%
1982 Los Angeles Raiders
43%
1984 Miami Dolphins
43%
1976 Oakland Raiders
43%
1978 Pittsburgh Steelers
43%
1997 Kansas City Chiefs
36%
1971 Kansas City Chiefs
36%
1985 Los Angeles Raiders
36%
1973 Miami Dolphins
36%
1972 Miami Dolphins
36%
2001 Pittsburgh Steelers
36%
1981 Cincinnati Bengals
29%
1986 Cleveland Browns
29%
1977 Denver Broncos
29%
1995 Kansas City Chiefs
29%
1992 Pittsburgh Steelers
29%
1980 San Diego Chargers
29%
1994 Pittsburgh Steelers
21%
1979 San Diego Chargers
21%
No matching quizzes found
Score Distribution
Percent of People with Each Score
Percentile by Number Answered
Your Score History
You have not taken this quiz since the last reset